000 00343nam a2200157Ia 4500
100 _aLin/Yi-Bing/ Chlamtac/I
650 _aWireless
942 _cBK
366 _f25
245 _aWireless and mobile network architecture
260 _bWiley India
_c2001
082 _a5.74
_bLIN
300 _a532
546 _aENGLISH
_cTTL
999 _c20734
_d20734